На кавказько-турецькому фронті: спомини з 1916-1918 рр. (Запис № 350444)

МАРК-запис
000 -Лідер
fixed length control field 00799nam a22002537a 4500
001 - Контрольний номер
control field 64531
003 - Ідентифікатор контрольного номера
control field UA-OsUOA
005 - Дата та час останнього входження (трансакції)
control field 20200424094557.0
007 - Фіксоване поле фізичного опису
fixed length control field ta
008 - Елементи даних фіксованої довжини – загальна інформація
fixed length control field 20091105b un ||||| |||| 00| 0 ukr d
040 ## - Джерело каталогізації
Агенція оригінальної каталогізації UA-OsUOA
Мова каталогізації ukr
Агенція, яка здійснювала перезапис UA-OsUOA
Агенція, яка здійснювала модифікацію UA-OsUOA
041 ## - Код мови
Код мови тексту/ звукової доріжки чи окремого заголовка (П) ukr
080 ## - Індекс Універсальної десяткової класифікації
Індекс Універсальної десяткової класифікації (УДК) (НП) 94(4)
090 ## - Локальний шифр розміщення
Класифікаційний індекс УДК 94(4)
Авторський знак (НП) Б60
100 ## - Основне введення – ім’я особи
Ім’я особи (НП) Биковський Л.
245 ## - Відомості про назву
Назва (НП) На кавказько-турецькому фронті: спомини з 1916-1918 рр.
260 ## - Публікація, розповсюдження і т.п. (Вихідні дані)
Місце публікації, розповсюдження і т.п. (П) Вінніпег
-- Денвер
Дата публікації, розповсюдження і т.п. (П) 1968
300 ## - Фізичний опис
Обсяг 152 с.
650 #7 - Додаткове предметне введення – тематичний термін
Джерело заголовка чи терміна UDC
Тематичний термін чи географічна назва, як елемент введення (НП) 82 Література. Літературознавство
942 ## - Додаткові елементи входу (Коха)
Тип елемента Koha Книги
Source of classification or shelving scheme Universal Decimal Classification
955 ## - Код типу видання за змістом
Код типу видання за змістом (НП) Наукові видання
Фонди
Стан вилучень Стан втрат Джерело класифікації або схеми стелажів Стан уражень Не для кредиту Код колекції Постійне місце розташування Поточне розміщення Дата придбання Джерело придбання Вартість, звичайна ціна покупки Інвентарний номер Усього замовленно Повний номер виклику Штрих-код Дата останнього перегляду Ціна ефективна від Тип елемента Koha
    Universal Decimal Classification       Наукова бібліотека ІДУД Наукова бібліотека ІДУД 06/02/2012 263/2012 1.00 2132766   82-94 Б60 2132766 14/09/2019 06/02/2012 Книги
    Universal Decimal Classification     Колекція Інституту дослідів Волині Наукова бібліотека ІДУД Наукова бібліотека ІДУД 21/01/2007 37/2006 1.00 2126510   82-94 Б60 2126510 15/09/2019 21/01/2007 Книги
    Universal Decimal Classification       Наукова бібліотека ІДУД Наукова бібліотека ІДУД 07/05/2007 7/2006 1.00 2126748   82-94 Б89 2126748 15/09/2019 07/05/2007 Книги
    Universal Decimal Classification     Колекція Ковальського М.П. ЧЗ - Читальна зала ЧЗ - Читальна зала 05/11/2009 128/2009 5.00 124233   94(4) Б60 124233 06/02/2022 05/11/2009 Книги